Facebook Relationship Status Quiz Stats

Quiz Updated Apr 1, 2013

Challenge
Share
Tweet
Embed
Score 0/11 Timer 02:00
2 Plays Today
Relationship % Correct
Single
96.8%
Married
95.8%
In a relationship
90.9%
It's complicated
82.8%
Divorced
71.8%
Engaged
64.8%
Widowed
52.7%
In an open relationship
44%
Civil Union
28.1%
In a domestic partnership
25.4%
Separated
25%

You're not logged in!

Compare scores with friends on all Sporcle quizzes.
Sign Up with Email
OR
Log In

You Might Also Like...

Show Comments

Extras

Top Quizzes Today


Score Distribution

Your Account Isn't Verified!

In order to create a playlist on Sporcle, you need to verify the email address you used during registration. Go to your Sporcle Settings to finish the process.